[Event "Avoine op 34th"]
[Site "Avoine"]
[Date "2019.07.20"]
[Round "1"]
[White "Mancini, Mario"]
[Black "Vedmediuc, Serghei"]
[Result "0-1"]
[WhiteElo "2166"]
[BlackElo "2450"]
[PlyCount "82"]
[EventDate "2019.07.20"]
[EventType "swiss"]
[EventRounds "9"]
[EventCountry "FRA"]
[SourceTitle "CBM 191 Extra"]
[Source "ChessBase"]
[SourceDate "2019.09.30"]
[SourceVersion "1"]
[SourceVersionDate "2019.09.30"]
[SourceQuality "1"]

1. d4 g6 2. c4 Bg7 3. Nc3 d6 4. g3 Nf6 5. Nf3 0-0 6. Bg2 Nbd7 7. 0-0 e5 8. e4 exd4 9. Nxd4 Re8 10. h3 a6 11. Re1 Rb8 12. a4 a5 13. Ndb5 Nc5 14. Bf4 Nfd7 15. Rc1 Ne5 16. Bf1 b6 17. Nd4 Bb7 18. Nd5 Ned7 19. Bg2 Nxa4 20. b3 Nac5 21. Nb5 Na6 22. Nbxc7 Nxc7 23. Nxc7 Qxc7 24. Bxd6 Qc6 25. Bxb8 Nxb8 26. Qd2 Na6 27. Re3 Nc5 28. Rce1 Qc7 29. e5 Bxg2 30. Kxg2 Rxe5 31. Rxe5 Bxe5 32. f4 Qc6+ 33. Kh2 Bf6 34. Qe3 Kg7 35. g4 Qd6 36. Kg2 Ne6 37. Rf1 Bd4 38. Qf3 h6 39. h4 Bc5 40. f5 Qd2+ 41. Kh3 Bd6 0-1

[Event "FRA-ch Accession"]
[Site "Agen"]
[Date "2017.08.26"]
[Round "8"]
[White "Giacomini, Hector"]
[Black "Mancini, Mario"]
[Result "1/2-1/2"]
[WhiteElo "2226"]
[BlackElo "2199"]
[PlyCount "80"]
[EventDate "2017.08.19"]
[EventType "swiss"]
[EventRounds "9"]
[EventCountry "FRA"]
[SourceTitle "EXT 2019"]
[Source "ChessBase"]
[SourceDate "2018.10.10"]
[SourceVersion "1"]
[SourceVersionDate "2018.10.10"]
[SourceQuality "1"]

1. Nf3 Nf6 2. e3 e6 3. d4 c5 4. c4 cxd4 5. exd4 d5 6. Nc3 Be7 7. cxd5 Nxd5 8. Bd3 0-0 9. 0-0 Nc6 10. Re1 Ncb4 11. Bb1 Nf6 12. a3 Nbd5 13. Ne5 Bd7 14. Qd3 Bc6 15. Bg5 g6 16. Bh6 Re8 17. Qh3 Bf8 18. Ba2 Bg7 19. Rad1 Qd6 20. Bc1 Rac8 21. Nc4 Qc7 22. Ne5 a6 23. Rd3 Qd6 24. Qh4 Ne7 25. Qf4 Bd5 26. Nxd5 Nexd5 27. Qf3 Rc7 28. Bg5 Rec8 29. Bb3 Qb6 30. h3 Qd6 31. g3 Qb6 32. Kg2 Qd6 33. Re2 Re8 34. Rc2 Rxc2 35. Bxc2 Rc8 36. Bb3 Rc7 37. Nc4 Qf8 38. Ne5 Qd6 39. Nc4 Qf8 40. Ne5 Qd6 1/2-1/2

[Event "Avoine op 31st"]
[Site "Avoine"]
[Date "2016.07.28"]
[Round "6"]
[White "Bourgois, Bastien"]
[Black "Mancini, Mario"]
[Result "1/2-1/2"]
[WhiteElo "2042"]
[BlackElo "2278"]
[PlyCount "123"]
[EventDate "2016.07.23"]
[EventType "swiss"]
[EventRounds "9"]
[EventCountry "FRA"]
[SourceTitle "CBM 173 Extra"]
[Source "ChessBase"]
[SourceDate "2016.08.29"]
[SourceVersion "1"]
[SourceVersionDate "2016.08.29"]
[SourceQuality "1"]

1. d4 Nf6 2. c4 e6 3. Nc3 Bb4 4. Qc2 Nc6 5. Nf3 d6 6. Bd2 0-0 7. a3 Bxc3 8. Bxc3 Re8 9. Rd1 Qe7 10. e3 a5 11. b3 e5 12. d5 Nb8 13. Be2 Nbd7 14. b4 axb4 15. axb4 c5 16. dxc6 bxc6 17. 0-0 Bb7 18. c5 d5 19. Ra1 Ne4 20. Bb2 h6 21. Nd2 Nxd2 22. Qxd2 Reb8 23. Qc3 f6 24. Rfc1 Qd8 25. b5 Rxa1 26. Rxa1 Ra8 27. Rxa8 Qxa8 28. Bg4 Nf8 29. b6 Qa2 30. Bf5 Kf7 31. f4 e4 32. Qc1 g6 33. Bh3 Qb3 34. g4 Ne6 35. Bc3 Nxc5 36. Bxf6 Ne6 37. Qc3 Qd1+ 38. Bf1 Ba6 39. Qa1 Qxa1 40. Bxa1 Bb7 41. Be5 Nc5 42. Kf2 Nd7 43. Bc7 Ke7 44. h4 Nc5 45. Bh3 Nd7 46. g5 hxg5 47. fxg5 Nc5 48. Bg4 Nd3+ 49. Ke2 c5 50. Kd2 d4 51. h5 gxh5 52. Bxh5 Nb2 53. exd4 cxd4 54. Kc2 Nc4 55. Be2 Ne3+ 56. Kd2 Ke6 57. Bf4 Nd5 58. Bg4+ Kf7 59. Be5 Kg6 60. Bxd4 Kxg5 61. Be2 Kf4 62. Bc4 1/2-1/2

[Event "Avoine op 31st"]
[Site "Avoine"]
[Date "2016.07.24"]
[Round "2"]
[White "Lebret, Jean Michel"]
[Black "Mancini, Mario"]
[Result "1/2-1/2"]
[WhiteElo "2110"]
[BlackElo "2278"]
[PlyCount "88"]
[EventDate "2016.07.23"]
[EventType "swiss"]
[EventRounds "9"]
[EventCountry "FRA"]
[SourceTitle "CBM 173 Extra"]
[Source "ChessBase"]
[SourceDate "2016.08.29"]
[SourceVersion "1"]
[SourceVersionDate "2016.08.29"]
[SourceQuality "1"]

1. e4 c5 2. Nc3 e6 3. g3 d5 4. d3 Nc6 5. Bg2 d4 6. Nce2 e5 7. f4 f6 8. Nf3 Bd6 9. 0-0 Nge7 10. fxe5 Nxe5 11. Nxe5 Bxe5 12. Bf4 Nc6 13. Bxe5 Nxe5 14. Nf4 0-0 15. h3 Qd6 16. Kh2 Be6 17. b3 Bf7 18. Bf3 Rad8 19. Bh5 g6 20. Be2 Kg7 21. Rf2 Bg8 22. Qd2 b6 23. Raf1 f5 24. exf5 Rxf5 25. Bf3 Nxf3+ 26. Rxf3 Re8 27. Ng2 Rxf3 28. Rxf3 Bd5 29. Rf1 Bxg2 30. Qxg2 Re3 31. Rf3 Re5 32. Rf2 Qe7 33. Qf3 Re3 34. Qf4 h5 35. h4 Re5 36. Qf3 Rf5 37. Qe2 Qxe2 38. Rxe2 Kf6 39. Kg2 Re5 40. Rxe5 Kxe5 41. Kf2 b5 42. a3 a5 43. a4 bxa4 44. bxa4 Kf5 1/2-1/2

[Event "FRA-ch Accession"]
[Site "Nimes"]
[Date "2014.08.26"]
[Round "9"]
[White "Mancini, Mario"]
[Black "Brochet, Philippe"]
[Result "0-1"]
[WhiteElo "2209"]
[BlackElo "2400"]
[PlyCount "39"]
[EventDate "2014.08.17"]
[EventType "swiss"]
[EventRounds "11"]
[EventCountry "FRA"]
[SourceTitle "CBM 162 Extra"]
[Source "ChessBase"]
[SourceDate "2014.10.17"]
[SourceVersion "1"]
[SourceVersionDate "2014.10.17"]
[SourceQuality "1"]

1. d4 d5 2. c4 dxc4 3. Nf3 Nf6 4. e3 Be6 5. Na3 c5 6. Bxc4 Bxc4 7. Nxc4 cxd4 8. Nxd4 e6 9. 0-0 a6 10. Bd2 Nbd7 11. Qf3 Rc8 12. Rac1 Nd5 13. Qg3 Nc5 14. Ne5 Nf6 15. f3 h5 16. b4 h4 17. Qf4 g5 18. Nxe6 gxf4 19. Nxd8 Rxd8 20. Rxc5 0-1

[Event "FRA-ch Accession"]
[Site "Nimes"]
[Date "2014.08.24"]
[Round "7"]
[White "Lagarde, Maxime"]
[Black "Mancini, Mario"]
[Result "1-0"]
[WhiteElo "2534"]
[BlackElo "2209"]
[PlyCount "77"]
[EventDate "2014.08.17"]
[EventType "swiss"]
[EventRounds "11"]
[EventCountry "FRA"]
[SourceTitle "CBM 162 Extra"]
[Source "ChessBase"]
[SourceDate "2014.10.17"]
[SourceVersion "1"]
[SourceVersionDate "2014.10.17"]
[SourceQuality "1"]

1. e4 e5 2. Nf3 Nc6 3. Bc4 Be7 4. a4 Nf6 5. d3 0-0 6. a5 d5 7. exd5 Nxd5 8. 0-0 Bg4 9. Re1 Bf6 10. c3 a6 11. Nbd2 Nf4 12. Ne4 Be7 13. Bxf4 exf4 14. d4 h6 15. Ned2 Bd6 16. Qc2 Qc8 17. b4 Qf5 18. Bd3 Qh5 19. h3 Bd7 20. Re2 Rfe8 21. Rae1 Rxe2 22. Bxe2 Qf5 23. Bd3 Qh5 24. Be2 Qf5 25. Ne4 Bf8 26. Bd3 Qh5 27. Qd2 f5 28. Nc5 Bc8 29. Bc4+ Kh7 30. Qa2 Qg6 31. Bf7 Qf6 32. Re8 Bxc5 33. bxc5 Rb8 34. Bg8+ Kg6 35. Be6 Ne7 36. Ne5+ Kg5 37. h4+ Kxh4 38. Rxe7 Bxe6 39. Rxe6 1-0

[Event "FRA-ch Accession"]
[Site "Nancy"]
[Date "2013.08.13"]
[Round "2"]
[White "Mancini, Mario"]
[Black "Lazarev, Vladimir"]
[Result "1/2-1/2"]
[WhiteElo "2252"]
[BlackElo "2410"]
[PlyCount "43"]
[EventDate "2013.08.11"]
[EventType "swiss"]
[EventRounds "11"]
[EventCountry "FRA"]
[SourceTitle "CBM 156 Extra"]
[Source "ChessBase"]
[SourceDate "2013.10.22"]
[SourceVersion "1"]
[SourceVersionDate "2013.10.22"]
[SourceQuality "1"]

1. d4 Nf6 2. c4 e6 3. Nc3 Bb4 4. e3 d5 5. Nf3 0-0 6. Bd3 c5 7. 0-0 dxc4 8. Bxc4 Nbd7 9. a3 Ba5 10. Qe2 a6 11. Rd1 Qe7 12. Bd2 b5 13. Ba2 Bc7 14. dxc5 Qxc5 15. Rac1 Qh5 16. h3 Bb6 17. Nd4 Qh4 18. Nf3 Qh5 19. Nd4 Qh4 20. Nf3 Qh5 21. Nd4 Qh4 22. Nf3 1/2-1/2

[Event "La Fere op 11th"]
[Site "La Fere"]
[Date "2012.07.12"]
[Round "7"]
[White "Degraeve, Jean Marc"]
[Black "Mancini, Mario"]
[Result "1-0"]
[WhiteElo "2580"]
[BlackElo "2282"]
[PlyCount "79"]
[EventDate "2012.07.07"]
[EventType "swiss"]
[EventRounds "9"]
[EventCountry "FRA"]
[SourceTitle "CBM 149 Extra"]
[Source "ChessBase"]
[SourceDate "2012.08.24"]
[SourceVersion "1"]
[SourceVersionDate "2012.08.24"]
[SourceQuality "1"]

1. e4 c5 2. Nc3 e6 3. Nf3 a6 4. d4 cxd4 5. Nxd4 b5 6. Bd3 Qb6 7. Nf3 Qc7 8. e5 Nc6 9. Bf4 Nge7 10. Bg3 Ng6 11. Qe2 b4 12. Nd1 Bb7 13. 0-0 d6 14. exd6 Bxd6 15. Be4 0-0 16. c3 Bxg3 17. hxg3 a5 18. Re1 Nce7 19. a3 Nd5 20. axb4 axb4 21. Rxa8 Rxa8 22. c4 Nf6 23. Bxb7 Qxb7 24. Nd4 Nd7 25. Nb3 h6 26. Ne3 Ne7 27. c5 Ne5 28. Nc4 Nxc4 29. Qxc4 Nc6 30. Rd1 Qc7 31. Rd6 Na5 32. Qe4 Rc8 33. Nxa5 Qxa5 34. c6 Qc5 35. Rxe6 f5 36. Qf3 Rc7 37. Qh5 Qc1+ 38. Kh2 Rxc6 39. Qe8+ Kh7 40. Qg6+ 1-0

[Event "FRA-ch Accession"]
[Site "Caen"]
[Date "2011.08.16"]
[Round "1"]
[White "Mancini, Mario"]
[Black "Benitah, Yohan"]
[Result "0-1"]
[WhiteElo "2213"]
[BlackElo "2392"]
[PlyCount "56"]
[EventDate "2011.08.16"]
[EventType "swiss"]
[EventRounds "11"]
[EventCountry "FRA"]
[SourceTitle "CBM 144 Extra"]
[Source "ChessBase"]
[SourceDate "2011.10.28"]
[SourceVersion "1"]
[SourceVersionDate "2011.10.28"]
[SourceQuality "1"]

1. d4 d5 2. c4 c6 3. Nf3 Nf6 4. e3 Bf5 5. Nc3 e6 6. Nh4 Be4 7. f3 Bg6 8. g3 Nbd7 9. Nxg6 hxg6 10. cxd5 Nxd5 11. Bg2 Bd6 12. e4 Nxc3 13. bxc3 Rxh2 14. Kf2 Rxh1 15. Qxh1 Qa5 16. Bd2 0-0-0 17. Qe1 e5 18. Be3 Qc7 19. d5 cxd5 20. exd5 Kb8 21. Kg1 e4 22. f4 f5 23. Bf1 Nf6 24. c4 g5 25. Qf2 b6 26. Rb1 Ng4 27. Bxb6 axb6 28. Rxb6+ Kc8 0-1

[Event "La Fere op 10th"]
[Site "La Fere"]
[Date "2011.07.09"]
[Round "9.4"]
[White "Mancini, Mario"]
[Black "Piankov, Evgenij"]
[Result "1-0"]
[WhiteElo "2213"]
[BlackElo "2327"]
[PlyCount "129"]
[EventDate "2011.07.02"]
[EventType "swiss"]
[EventRounds "9"]
[EventCountry "FRA"]
[SourceTitle "EXT 2012"]
[Source "ChessBase"]
[SourceDate "2011.11.24"]
[SourceVersion "1"]
[SourceVersionDate "2011.11.24"]
[SourceQuality "1"]

1. d4 d5 2. c4 e6 3. Nf3 c6 4. e3 Bd6 5. Nc3 f5 6. Bd3 Nf6 7. Qc2 Ne4 8. 0-0 Nd7 9. b3 0-0 10. Bb2 Qe7 11. Ne2 b6 12. Ne5 Bxe5 13. dxe5 Nec5 14. cxd5 cxd5 15. Nf4 Nxd3 16. Qxd3 Nc5 17. Qd4 Qf7 18. Ba3 Ba6 19. Rac1 g5 20. Nh3 h6 21. Bxc5 bxc5 22. Rxc5 Rac8 23. Rfc1 Qb7 24. f4 g4 25. Nf2 h5 26. Nd3 Bxd3 27. Qxd3 Rxc5 28. Rxc5 Rc8 29. Qc3 Rxc5 30. Qxc5 Kf7 31. Kf2 h4 32. Qa5 Qc6 33. Qd2 Qc5 34. Ke1 Ke8 35. Kd1 Qb5 36. Qe2 Qc5 37. Qa6 Kf7 38. Qb7+ Kf8 39. Qb8+ Kf7 40. Qd8 Qxe3 41. Qf6+ Kg8 42. Qxe6+ Kg7 43. Qf6+ Kg8 44. Qg5+ Kh8 45. Qxh4+ Kg7 46. Qf6+ Kg8 47. Qe6+ Kg7 48. Qxd5 Qxf4 49. Qd7+ Kg6 50. Qc6+ Kg7 51. Qf6+ Kh7 52. e6 Qf1+ 53. Kc2 Qxg2+ 54. Kc3 Qf3+ 55. Kb4 Qf4+ 56. Kb5 Qb8+ 57. Kc6 Qe8+ 58. Kd6 Qb8+ 59. Ke7 f4 60. Qh4+ Kg6 61. Qxg4+ Kh6 62. Kf7 Qb7+ 63. Kf6 Kh7 64. Qg6+ Kh8 65. Qe8+ 1-0

[Event "Rennes op 3th"]
[Site "Rennes"]
[Date "2010.07.20"]
[Round "5"]
[White "Auvray, Simon"]
[Black "Mancini, Mario"]
[Result "0-1"]
[WhiteElo "2048"]
[BlackElo "2256"]
[PlyCount "57"]
[EventDate "2010.07.17"]
[EventType "swiss"]
[EventRounds "9"]
[EventCountry "FRA"]
[SourceTitle "EXT 2011"]
[Source "ChessBase"]
[SourceDate "2010.11.26"]
[SourceVersion "1"]
[SourceVersionDate "2010.11.26"]
[SourceQuality "1"]

1. e4 c5 2. Nf3 e6 3. d3 Nc6 4. Nbd2 g6 5. g3 Bg7 6. Bg2 Nge7 7. 0-0 0-0 8. c3 Rb8 9. Re1 d6 10. Nf1 Qb6 11. Rb1 Bxc3 12. Bd2 Bg7 13. Bc3 Nd4 14. Ne3 Bd7 15. Qd2 Qa6 16. b4 Nec6 17. b5 Nxb5 18. Bxg7 Kxg7 19. Ng4 f6 20. Qh6+ Kg8 21. Nxf6+ Rxf6 22. Ng5 Rf7 23. Nxf7 Kxf7 24. Qxh7+ Ke8 25. Qxg6+ Kd8 26. h4 Ne5 27. Qf6+ Kc7 28. h5 Nd4 29. Rbd1 0-1

[Event "Fourmies op 34th"]
[Site "Fourmies"]
[Date "2010.05.23"]
[Round "4"]
[White "Inkiov, Ventzislav"]
[Black "Mancini, Mario"]
[Result "1-0"]
[WhiteElo "2472"]
[BlackElo "2242"]
[PlyCount "53"]
[EventDate "2010.05.22"]
[EventType "swiss"]
[EventRounds "7"]
[EventCountry "FRA"]
[SourceTitle "CBM 136 Extra"]
[Source "ChessBase"]
[SourceDate "2010.07.02"]
[SourceVersion "2"]
[SourceVersionDate "2010.07.15"]
[SourceQuality "1"]

1. e4 e5 2. Bc4 Nf6 3. d3 Nc6 4. Nf3 Be7 5. 0-0 0-0 6. a4 d6 7. c3 Na5 8. Ba2 c5 9. Nbd2 h6 10. h3 Re8 11. b4 cxb4 12. cxb4 Nc6 13. b5 Nb8 14. d4 exd4 15. Nxd4 Bf8 16. Bb2 Be6 17. Nxe6 fxe6 18. f4 Kh8 19. Kh1 Nbd7 20. e5 Nd5 21. Qh5 Ne3 22. Ne4 d5 23. Ng5 Nf5 24. Nf7+ Kg8 25. Nxd8 Ng3+ 26. Kh2 Nxh5 27. Nxe6 1-0

[Event "Pays de Champagne op-A 1st"]
[Site "Recy"]
[Date "2010.05.13"]
[Round "2"]
[White "Mancini, Mario"]
[Black "Rigolot, Lucie"]
[Result "1-0"]
[WhiteElo "2242"]
[BlackElo "1873"]
[PlyCount "105"]
[EventDate "2010.05.??"]
[EventType "swiss"]
[EventRounds "6"]
[EventCountry "FRA"]
[SourceTitle "EXT 2011"]
[Source "ChessBase"]
[SourceDate "2010.11.26"]
[SourceVersion "1"]
[SourceVersionDate "2010.11.26"]
[SourceQuality "1"]

1. d4 d5 2. Nf3 e6 3. Bf4 c5 4. e3 Qb6 5. Nbd2 Nc6 6. Rb1 cxd4 7. exd4 Nxd4 8. Nxd4 Qxd4 9. Bb5+ Bd7 10. Bxd7+ Kxd7 11. Be3 Qa4 12. 0-0 Nf6 13. b3 Qc6 14. c4 Bd6 15. cxd5 Qxd5 16. Nc4 Qxd1 17. Rfxd1 Nd5 18. Rd3 b5 19. Nxd6 Kxd6 20. g3 Rhc8 21. a4 a6 22. Rbd1 Ke7 23. Bd4 g6 24. a5 Rc2 25. Kg2 Rac8 26. h4 Nb4 27. Rf3 f5 28. Re1 Nc6 29. Bb6 e5 30. Rd3 e4 31. Rd5 Rc3 32. Red1 Rxb3 33. Rd7+ Ke8 34. Rxh7 Rd3 35. Rc1 b4 36. Rh8+ Kd7 37. Rxc8 Kxc8 38. Rxc6+ Kd7 39. Rxg6 b3 40. Be3 Rd5 41. Rb6 Rxa5 42. Rxb3 Rd5 43. h5 f4 44. Bxf4 Rxh5 45. Ra3 a5 46. Bd2 Ke6 47. Rxa5 Rxa5 48. Bxa5 Kf5 49. Kf1 Kg4 50. Ke2 Kf5 51. Ke3 Ke5 52. Bc3+ Kf5 53. Bd4 1-0